Т. 4: Гляциология; Географический сборник

Dades bibliogràfiques
Parent link:Географический сборник/ Географическое общество Союза ССР ; под ред. Н. Н. Соколова. Т. 4: Гляциология.— , 1952-1962
Idioma:rus
Publicat: 1954
Matèries:
Format: MixedMaterials Llibre
KOHA link:https://koha.lib.tpu.ru/cgi-bin/koha/opac-detail.pl?biblionumber=95854

MARC

LEADER 00000nam2a2200000 4500
001 95854
005 20231101214031.0
035 |a (RuTPU)RU\TPU\book\102618 
090 |a 95854 
100 |a 20060504d1954 k y0rusy50 ca 
101 0 |a rus 
102 |a RU 
105 |a a z 001zy 
200 0 |a Т. 4: Гляциология 
210 |d 1954 
215 |a 99 с.  |c ил. 
317 |5 63413507: КР-640  |a Поступила в НТБ в 2004 г. в составе книжного собрания профессора ТПИ К. В. Радугина 
320 |a Библиогр. в конце ст. 
461 1 |0 (RuTPU)RU\TPU\book\253758  |t Географический сборник  |f Географическое общество Союза ССР ; под ред. Н. Н. Соколова  |v Т. 4: Гляциология  |d 1952-1962 
606 1 |a Гляциология  |2 stltpush  |3 (RuTPU)RU\TPU\subj\7379  |9 35053 
606 1 |a География  |2 stltpush  |3 (RuTPU)RU\TPU\subj\5918  |9 33902 
610 1 |a ледники 
610 1 |a инерция сохранения 
610 1 |a ледниково-снеговой сток 
610 1 |a ледниково-снеговые реки 
610 1 |a Заилийский Алатау 
610 1 |a снежный покров 
610 1 |a Тянь-Шань 
610 1 |a Буордах 
610 1 |a оледенение 
610 1 |a библиотека К. В. Радугина 
675 |a 91  |v 4 
675 |a 551.32  |v 4 
801 1 |a RU  |b 63413507  |c 20060504  |g PSBO 
801 2 |a RU  |b 63413507  |c 20171031  |g PSBO 
942 |c BK